000 00321nam a22001337a 4500
008 180903b xxu||||| |||| 00| 0 eng d
020 _a0205083773
041 _aeng
080 _a621
100 _a27
101 _aMEK
245 _aIntroductory Electronics for scientist and engineers
_cSimpson, R.E
942 _2udc
_cBK
999 _c47444
_d47444